The Lanczos and conjugate gradient algorithms: from theory to finite precision computations
Guardat en:
| Autor principal: | |
|---|---|
| Format: | Llibre |
| Idioma: | anglès |
| Publicat: |
Filadelfia
Society for Industrial and Applied Mathematics
2006
|
| Col·lecció: | Software. Environments. Tools, 19
|
| Matèries: | |
| Etiquetes: |
Afegir etiqueta
Sense etiquetes, Sigues el primer a etiquetar aquest registre!
|
MARC
| LEADER | 00000cam a2200000 a 4500 | ||
|---|---|---|---|
| 001 | UCG7929 | ||
| 003 | CL-VaPUC | ||
| 008 | 111028e20060000US |||||||||||||||||eng|d | ||
| 020 | |a 9780898716160 | ||
| 082 | 0 | 4 | |a 515 |b MEU |2 21 |
| 100 | |a Meurant, Gérard |e autor |9 558431 | ||
| 245 | 1 | 4 | |a The Lanczos and conjugate gradient algorithms: from theory to finite precision computations |
| 300 | |a 365 p | ||
| 942 | |c BK | ||
| 945 | |d 20111028 00:00:00 |a dcastane | ||
| 260 | |a Filadelfia |b Society for Industrial and Applied Mathematics |c 2006 | ||
| 650 | 0 | |a Análisis matemático |9 260146 | |
| 650 | 7 | |a GRADIENTES |2 CL-VaPUC |9 558432 | |
| 650 | 0 | |a Programación matemática |9 260785 | |
| 650 | 0 | |a Funciones |9 263869 | |
| 583 | |a last modification |c 20111028 11:35:00 |k Rodrigo Vera | ||
| 490 | 0 | |a Software. Environments. Tools, 19 | |
| 999 | |c 345617 |d 345615 | ||
| 952 | |0 0 |1 0 |4 0 |6 515_000000000000000_MEU_2006 |7 0 |8 A |9 444545 |a BIBMAT |b BIBMAT |d 2019-11-22 |i 4792904 |o 515 MEU 2006 |p 4792904 |r 2025-01-07 |w 2019-11-22 |y BK |k MAT | ||